Päť rokov so start-upmi

Rozhovor so spoluzakladateľkou súťaže StartupAwards.SK Michaelou Jacovou. Pohľad späť, dnešný stav a výhľad do budúcnosti. Víťazi tohoročnej súťaže.

Saved in:
Bibliographic Details
Main Author: Garaj, Patrik
Other Authors: Jacová, Michaela
Format: Book Chapter
Language:Slovak
Subjects:
Tags: Add Tag
No Tags, Be the first to tag this record!

MARC

LEADER 00000naa a2200000 4500
001 0210108
005 20231113104234.0
041 0 |a slo 
044 |a SK 
245 1 0 |a Päť rokov so start-upmi  |c Patrik Garaj, Michaela Jacová 
520 |a Rozhovor so spoluzakladateľkou súťaže StartupAwards.SK Michaelou Jacovou. Pohľad späť, dnešný stav a výhľad do budúcnosti. Víťazi tohoročnej súťaže. 
610 2 0 |a start-up 
610 2 0 |a podnikanie 
610 2 0 |a technológie informačné 
610 2 0 |a technológie komunikačné 
610 2 0 |a technológie nové 
610 2 0 |a súťaže 
100 1 |a Garaj, Patrik 
700 1 |a Jacová, Michaela